1172 1730 1789 1429 1520 1292 1361 1647 1344 1451 1498 1366 1925 1029 1758 1508 1325 1171 1454 1184 1431 1249 1660 1815 1476 1374 1197 1660 1405 1861 1047 1094 1607 1487 1866 1034 1148 1090 1179 1812 1171 1628 1926 1491 1978 1495 1721 1397 1855 1388 1556 1017 1707 1513 1013 1541 1511 1554 1457 1768 1396 1459 1852 1445 1742 1427 1256 1002 1553 1849 1841 1750 1559 1790 1348 1451 1820 1862 1767 1377 1139 1806 1248 1358 1323 1367 1596 1517 1421 1171 1864 1514 1532 1355 1683 1808 1537 1218 1421 BCNSPRNW ULIB Ver.6.0+V

เปลี่ยนเป็นภาษาไทย

Change to English
 แสดงรายละเอียดบรรณานุกรม
  กลับหน้าหลัก

Brief Record : Get Marc (ISO 2709) : E-mail record : QR code < ปิดหน้าต่าง
LEADER : 00000nam 2200000uu 4500
001    13399122840
003     ULIB
008    131015s2545||||th 000 0 tha d
020    ^a9789744460653
090    ^aนว^bพ187พ ล.1
100 0  ^aพนมเทียน
245 10 ^aป่าโลกล้านปี เล่ม 1 (เพชรพระอุมา) /^cพนมเทียน
250    ^aพิมพ์รวมเล่มครั้งที่ 3
260    ^aกรุงเทพฯ :^bณ บ้านวรรณกรรม,^c2545
300    ^a 438 หน้า
505 00 ^a^gล.1-4^tไพรมหากาฬ --^gล.5-8^tดงมรณะ -- ^gล.9-12^tจอมผีดิบมันตรัย -- ^gล.13-16^tอาถรรพณ์นิทรานคร -- ^gล.17-20^tป่าโลกล้านปี -- ^gล.21-24^tแงซายจอมจักรา -- ^gล.25-28^tจอมพราน -- ^gล.29-32^tไอ้งาดำ -- ^gล.33-36^tจิตรางคนางค์-- ^gล.37-40^tนาคเทวี -- ^gล.41-44^tแด่ปางบรรพ์ -- ^gล.45-48^tมงกุฎไพร
650  4 ^aนวนิยายไทย
945    ^p200^l0^i034068
999    ^aเกษร โพธิ์สุวรรณ
รายการนี้ยังไม่มีแท็ก
คุณยังไม่ได้ล็อกอิน คุณสามารถมีกิจกรรมร่วมกับเว็บไซต์ได้ แต่ต้องล็อกอินก่อน ::
  ล็อกอิน

รายการสื่อสารสนเทศ

ลำดับที่ ประเภท เลขเรียก/บาร์โค้ด สถานที่ สถานะ
1. นวนิยาย
นวนิยาย
นว พ187พ ล.1  
  Barcode: 034068
ห้องสมุดวิทยาเขตสวรรค์ประชารักษ์
►นวนิยาย
บนชั้น
  ขอยืม

รายการใกล้เคียง
    ผู้แต่ง [พนมเทียน]

    หัวเรื่อง [นวนิยายไทย]

BibComment


ยังไม่เคยถูกคอมเมนท์

คอมเมนท์ทรัพยากรรายการนี้
  คอมเมนท์: ป่าโลกล้านปี เล่..


 Copyright 2026. Bcnsprnw @Library